Countries in Europe that were monarchies in 1866 - Statistics

General Stats
  • This quiz has been taken 294 times
  • The average score is 16 of 20
Answer Stats
Monarch's name Answer % Correct
Isabel II Spain
99%
Victoria United Kingdom
99%
Franz Joseph I Austria-Hungary
97%
Napoleon III France
96%
Christian IX Denmark
94%
Victor Emmanuel II Italy
94%
Alexander II Russia
94%
Charles XV Sweden & Norway
94%
William III Netherlands
93%
Leopold II Belgium
92%
Louis I Portugal
90%
Abdulaziz Ottoman Empire
86%
William I Prussia
86%
George I Greece
83%
Ludwig II Bavaria
72%
Charles III Monaco
70%
Pius IX Papal States
54%
John I Saxony
45%
George V Hanover
44%
Charles I Wurttemberg
29%
No matching quizzes found
Score Distribution
Percent of People with Each Score
Percentile by Number Answered
Your Score History
You have not taken this quiz